The future of ritual : writings on culture and performance
Saved in:
| Main Author: | |
|---|---|
| Format: | Book |
| Language: | English |
| Published: |
London; New York :
Routledge,
|
| Subjects: | |
| Tags: |
Add Tag
No Tags, Be the first to tag this record!
|
MARC
| LEADER | 00000nam a2200000 i 4500 | ||
|---|---|---|---|
| 001 | 1/92516 | ||
| 008 | 940128s1993 eng d | ||
| 020 | |a 0-415-04689-0 | ||
| 035 | |l 10008498 | ||
| 040 | |a GR-MY-UA |b gre |e aacr | ||
| 041 | 0 | |a eng | |
| 082 | 0 | |a 792.01 | |
| 100 | 1 | |a Schechner, Richard |d 1934- | |
| 245 | 1 | 4 | |a The future of ritual : |b writings on culture and performance / |c Richard Schechner |
| 260 | |a London; New York : |b Routledge, | ||
| 300 | |a 283 p. |b Fig.; plates; notes | ||
| 504 | |a Includes bibliographical references and index. | ||
| 650 | 0 | 0 | |a Theater and society. |
| 650 | 0 | 0 | |a Performing arts |x Philosophy. |
| 650 | 0 | 0 | |a Rites and ceremonies. |
| 650 | 0 | 0 | |a Play. |
| 852 | |a INST |b LESVOS |e 19940128 |h 792.01 SCH |p 005100005168 |q 005100005168 |t BK |y 0 | ||
| 909 | |a Λ |b 033869 | ||